ბათუმის შოთა რუსთაველის სახელმწიფო უნივერსიტეტის ბიბლიოთეკა

თხზულებათა სრული კრებული : 15 ტომად. ტ.8 (ბიბ.ჩანაწერი № 48745)

000 -LEADER
fixed length control field 01096nam a2200229Ia 4500
001 - CONTROL NUMBER
control field 15645
003 - CONTROL NUMBER IDENTIFIER
control field GE_BSU
008 - FIXED-LENGTH DATA ELEMENTS--GENERAL INFORMATION
fixed length control field 181216s||||||||xx |||||||||||||| ||und||
040 ## - CATALOGING SOURCE
Transcribing agency GE_BSU
080 ## - UNIVERSAL DECIMAL CLASSIFICATION NUMBER
Universal Decimal Classification number 821.353.1-32
100 ## - MAIN ENTRY--PERSONAL NAME
Personal name წერეთელი, ა.
245 ## - TITLE STATEMENT
Title თხზულებათა სრული კრებული : 15 ტომად. ტ.8
245 ## - TITLE STATEMENT
Remainder of title მხატვრული პროზა
245 ## - TITLE STATEMENT
Statement of responsibility, etc. ტექსტი მოამზადა ა. კენჭოშვილმა ; შენიშვნები გ. აბზიანიძის.სარედ. კოლ.გ.აბზიანიძე. ლ. ასათიანი. ი.გრიშაშვილი. და სხვ. რედ. გ. აბზიანიძე
260 ## - PUBLICATION, DISTRIBUTION, ETC.
Place of publication, distribution, etc. თბილისი
260 ## - PUBLICATION, DISTRIBUTION, ETC.
Name of publisher, distributor, etc. საბჭ. საქართველო
260 ## - PUBLICATION, DISTRIBUTION, ETC.
Date of publication, distribution, etc. 1958
300 ## - PHYSICAL DESCRIPTION
Extent 390 გვ.20 სმ.
653 ## - INDEX TERM--UNCONTROLLED
Uncontrolled term თხზულებათა სრული კრებული
653 ## - INDEX TERM--UNCONTROLLED
Uncontrolled term მხატვრული პროზა
942 ## - ADDED ENTRY ELEMENTS (KOHA)
Koha item type წიგნი
ეგზემპლარები
Withdrawn status Lost status Damaged status Not for loan Date acquired Barcode Date last seen Price effective from Koha item type
        2018-12-17 38839 2018-12-17 2018-12-17 წიგნი
        2018-12-17 38840 2018-12-17 2018-12-17 წიგნი
        2018-12-17 38841 2018-12-17 2018-12-17 წიგნი